Statistiques concernant Tous les clubs ayant évolué au moins une fois en Division 1 ou en Ligue 1 depuis 1945

Cliquez ici pour prendre le quiz!

Statistiques générales

  • Ce quiz a été pris 4 528 fois
  • Le résultat moyen est 38 sur 66

Statistiques - réponses

Première apparitionClub% Correct
1971Paris Saint-Germain FC
99%
1932Olympique de Marseille
95%
1951Olympique Lyonnais
94%
1945Lille OSC
92%
1945Lyon OU
92%
1937RC Lens
90%
1945FC Girondins de Bordeaux
89%
1945Stade Rennais UC (Stade Rennais FC)
89%
1963FC Nantes
88%
1948OGC Nice
87%
1932RC Paris
86%
1946Toulouse FC
86%
1938AS Saint-Étienne
85%
1934RC Strasbourg
85%
1978Paris FC
84%
1953AS Monaco FC
83%
1979Stade Brestois (Stade Brestois 29)
83%
1935FC Metz
80%
1946SO Montpellier (Montpellier HSC)
80%
1945Stade de Reims
78%
1998FC Lorient
77%
1967AC Ajaccio
75%
2015Gazélec FC Ajaccio
75%
1980AJ Auxerre
74%
1956Angers SCO
73%
1968SC Bastia
72%
1932FC Sochaux-Montbéliard
70%
1970AS Nancy-Lorraine
69%
1946FC Nancy
69%
1938Le Havre AC
68%
1950Nîmes Olympique
67%
1995EA Guingamp
65%
1988SM Caen
65%
1954AS Troyes-Sainte-Savine
64%
2011Dijon FCO
64%
1999ES Troyes AC
64%
1973Troyes AF
64%
1960FC Grenoble (Grenoble Foot 38)
60%
1956US Valenciennes-Anzin (Valenciennes FC)
58%
1955UA Sedan-Torcy (CS Sedan-Ardennes)
52%
2003Le Mans UC 72 (Le Mans FC)
48%
1945Red Star OA (Red Star FC)
48%
1936FC Rouen
45%
1932AS Cannes
44%
1959SC Toulon
44%
1932FC Sète
43%
1980Tours FC
41%
2011Évian-Thonon-Gaillard FC
40%
1976Stade Lavallois MFC
38%
2010AC Arles-Avignon
36%
2004FC Istres OP
36%
2009US Boulogne CO
36%
1987Chamois Niortais FC
31%
1997LB Châteauroux
27%
1982FC Mulhouse
23%
1995FC Gueugnon
17%
1993FC Martigues
17%
1958Limoges FC
17%
1975Olympique Avignonnais
17%
1948SR Colmar
16%
1957AS Béziers
13%
1967AS Aixoise
10%
1969AS Angoulême
8%
1945CO Roubaix-Tourcoing
8%
1947Olympique Alésien
7%
1946Stade Français FC
4%

Distribution des résultats

Percentile par nombre de réponses

% des personnes avec chaque résultat

Votre développement - résultats

Vous n’avez pas pris ce quiz